000 00692nam a22001817a 4500
999 _c15100
_d15100
003 OSt
082 _2664 DRI/ST
088 _aP 303
100 _aDRISHYA MOHAN
_aNITHYA C
_aSUNENA T. P
_93837
245 _aStandardization of process protocol for the production of banana pseudostem juice powder
260 _aTavanur 2015
_bDepartment of Food and Agricultural Process Engineering
300 _a53
500 _aStandardization of process protocol for the production of banana pseudostem juice powder
700 _aDr. Sudheer K. P (Guide)
_93838
700 _aEr. Steffy John (Co-guide)
_93481
856 _uhttps://drive.google.com/open?id=1Dk4LA-8OKEiqqa4ZLsK-CMvxZOOF7KaW
942 _cPR